Statistics for Countries With Longest Railways

Click here to take the quiz!

General Stats

  • This quiz has been taken 1,151 times
  • The average score is 18 of 20

Answer Stats

Railway Length Country % Correct
224,792 kmUnited States
100%
128,000 kmRussia
99%
103,144 kmChina
99%
17,732 kmUnited Kingdom
98%
41,981 kmGermany
98%
64,460 kmIndia
97%
29,640 kmFrance
97%
46,552 kmCanada
96%
28,538 kmBrazil
95%
15,947 kmSpain
94%
24,179 kmItaly
93%
36,966 kmArgentina
92%
26,704 kmMexico
92%
23,474 kmJapan
92%
38,445 kmAustralia
91%
19,627 kmPoland
85%
22,300 kmUkraine
83%
20,247 kmSouth Africa
77%
15,372 kmKazakhstan
52%
22,298 kmRomania
52%

Score Distribution

Percentile by Number Answered

Percent of People with Each Score

Your Score History

You have not taken this quiz